<?xml version="1.0" encoding="UTF-8"?>
<record
    xmlns:xsi="http://www.w3.org/2001/XMLSchema-instance"
    xsi:schemaLocation="http://www.loc.gov/MARC21/slim http://www.loc.gov/standards/marcxml/schema/MARC21slim.xsd"
    xmlns="http://www.loc.gov/MARC21/slim">

  <leader>00665nam a22001817a 4500</leader>
  <controlfield tag="005">20100930102430.0</controlfield>
  <controlfield tag="008">100930t        xxu||||| |||| 00| 0 eng d</controlfield>
  <datafield tag="020" ind1=" " ind2=" ">
    <subfield code="a">81-7011-926-X</subfield>
    <subfield code="c">130.00</subfield>
  </datafield>
  <datafield tag="035" ind1=" " ind2=" ">
    <subfield code="a">B-106102</subfield>
  </datafield>
  <datafield tag="082" ind1=" " ind2=" ">
    <subfield code="a">230.1</subfield>
  </datafield>
  <datafield tag="245" ind1=" " ind2=" ">
    <subfield code="a">The Ramayana /</subfield>
    <subfield code="c">edited by Geeta Menon ; illustrated by B. G. Verma</subfield>
  </datafield>
  <datafield tag="260" ind1=" " ind2=" ">
    <subfield code="a">New Delhi</subfield>
    <subfield code="b">Children Book Trust</subfield>
    <subfield code="c">2005</subfield>
  </datafield>
  <datafield tag="300" ind1=" " ind2=" ">
    <subfield code="a">198p.</subfield>
    <subfield code="b">24cm. (Hb)</subfield>
    <subfield code="c">illu.</subfield>
  </datafield>
  <datafield tag="700" ind1=" " ind2=" ">
    <subfield code="a">Menon, Geeta</subfield>
    <subfield code="9">22440</subfield>
  </datafield>
  <datafield tag="700" ind1=" " ind2=" ">
    <subfield code="a">Varma, B. G.</subfield>
    <subfield code="9">22441</subfield>
  </datafield>
  <datafield tag="942" ind1=" " ind2=" ">
    <subfield code="2">ddc</subfield>
    <subfield code="c">CH</subfield>
    <subfield code="h">230.1</subfield>
    <subfield code="m">RAM</subfield>
  </datafield>
  <datafield tag="999" ind1=" " ind2=" ">
    <subfield code="c">48013</subfield>
    <subfield code="d">48013</subfield>
  </datafield>
  <datafield tag="952" ind1=" " ind2=" ">
    <subfield code="0">0</subfield>
    <subfield code="1">0</subfield>
    <subfield code="2">ddc</subfield>
    <subfield code="4">0</subfield>
    <subfield code="7">1</subfield>
    <subfield code="8">NFIC</subfield>
    <subfield code="a">BL1</subfield>
    <subfield code="b">BL1</subfield>
    <subfield code="d">2010-09-30</subfield>
    <subfield code="g">130.00</subfield>
    <subfield code="l">0</subfield>
    <subfield code="o">230.1 RAM</subfield>
    <subfield code="p">B-106102</subfield>
    <subfield code="r">2010-09-30 00:00:00</subfield>
    <subfield code="t">1</subfield>
    <subfield code="v">130.00</subfield>
    <subfield code="w">2010-09-30</subfield>
    <subfield code="y">CH</subfield>
  </datafield>
</record>
